000 00293nam a22001337a 4500
008 171027b xxu||||| |||| 00| 0 eng d
020 _a9781420893229
041 _aeng
080 _23RD
_a336
100 _a56
101 _aFIN
245 _aTHE VALUE SPHERE
_cBOQUIST,J.A
942 _2udc
_cBK
999 _c36290
_d36290